| 000 | 00700nam a2200181Ia 4500 | ||
|---|---|---|---|
| 003 | GCL | ||
| 008 | 140319s9999 xx 000 0 ara d | ||
| 040 |
_aGCL / _cGCL |
||
| 082 | 0 | 4 |
_a953.0713 _bث م |
| 100 | 1 | _aثريا عبدالفتاح ملجس | |
| 245 | 1 | 0 |
_aالمرابطون اللمتونيون بين القرنين الخامس والسادس للهجرى (الحادى عشر والثانى عشر للميلاد): اصلهم, نشأتهم, دولتهم, اخبارهم / _cثريا عبدالفتاح ملجس |
| 300 | _a86 ص | ||
| 490 |
_aكتاب _v0 |
||
| 650 | 0 | 4 | _aالاندلس |
| 650 | 0 | 4 | _aالتاريخ الاسلامى |
| 650 | 0 | 4 | _aالمرابطون |
| 942 |
_2ddc _cBK |
||
| 999 |
_c41195 _d41195 |
||